000 00324nam a2200109Ia 4500
008 171211s9999 xx 000 0 und d
245 4 _aThe Japanese Kitchen: 250 Recipes in a Traditional Spirit
245 _cBeitchman Shimbo
260 _c2000
650 _xCOOKBOOKS
856 _uhttp://down.ebook777.com/063/1558321764.pdf
999 _c348137
_d348137